000 00481nam a2200181Ia 4500
008 240729s9999 xx 000 0 und d
022 _a2835-5075
245 0 _aAnimal Research and One Health
260 _aUnited States
260 _bWiley
650 _a Animal biochemistry
650 _a Animal culture | Science
650 _a Physiology
650 _aAgriculture
856 _uhttps://doaj.org/toc/e9522808d1414f019679ae42e787e4ec
942 _2ddc
942 _cDOAJEJ
999 _c74667
_d74667
945 _a1
_bMadushi Gamage
_c1
_dMadushi Gamage